Statistiche per Top 15 dei paesi con decessi Covid-19 - 9 febbraio 2022

Clicka qui per fare il quiz!

Statistiche generali

  • Questo quiz è stato fatto 3 volte
  • Il punteggio medio è 19 su 26

Statistiche sulle risposte

paese% Corretto
Argentina
100%
Brasile
100%
Colombia
100%
Francia
100%
Germania
100%
India
100%
Italia
100%
Messico
100%
Polonia
100%
Regno Unito
100%
Russia
100%
Stati Uniti
100%
Bosnia ed
Erzegovina
67%
Bulgaria
67%
Cechia
67%
Croazia
67%
Perù
67%
Romania
67%
Slovacchia
67%
Ungheria
67%
Georgia
33%
Indonesia
33%
Iran
33%
Lituania
33%
Slovenia
33%
Macedonia
del Nord
0%

Distribuzione punteggi

Percentile per numero di risposta

Percentuale di utenti per punteggio

I tuoi punteggi nel tempo

Non hai fatto questo quiz